000 00525nam a2200181Ia 4500
008 100920s9999 xx 000 0 und d
082 _b30197
_a2 थ 30
100 _aHENRIK IBSEN.
245 _aTHE PRETENDERS AND TWO OTHER PLAYS.
260 _bJ.M. DENT & SONS LTD ., LONDON.
_c1930
300 _a316
_bसाधी
365 _b0
520 _aई.एल.बी.
630 _aTHE PRETENDERS AND TWO OTHER PLAYS.
650 _aई.एल.बी.
730 _aTHE PRETENDERS AND TWO OTHER PLAYS.
942 _cBOOK
999 _c685675
_d685672